Normal view
MARC view
Entry Topical Term
001 - CONTROL NUMBER
- control field: 5886
003 - CONTROL NUMBER IDENTIFIER
- control field: OSt
005 - DATE AND TIME OF LATEST TRANSACTION
- control field: 20240811122820.0
008 - FIXED-LENGTH DATA ELEMENTS
- fixed length control field: 240811|| aca||aabn | a|a d
040 ## - CATALOGING SOURCE
- Original cataloging agency: OSt
- Transcribing agency: OSt
150 ## - HEADING--TOPICAL TERM
- Topical term or geographic name entry element:
670 ## - SOURCE DATA FOUND
- Source citation: Work cat.: (OSt)2479: Patwari, A. B. M. Mafizul Islam 1894, Principles of International Humanitarian Law : An Oriental Perspective/ , c1994.
